LEADER 02112nam a2200361 i 4500 001 000000360055 003 CaOOAMICUS 005 20251231075134.0 008 241001s2024 be a u000 u cop u 020 $a978-90-429-5282-9 040 $aSeMil$bita 041 1 $acop$aeng 245 04$aThe Coptic versions of the Martyrdom of Saint George :$ba study of the Coptic transmission of the George legend, with an edition of eight fragmentary manuscrits in Sahidic, Bohairic, and Fayyumic /$cby Ivan Miroshnikov, Antti Marjanen and Francesca Iacono. 264 1$aLovanii :$bIn aedibus Peeters,$c2024. 300 $aLXXIII, 176 p. :$bill., facs. ;$c25 cm 490 1 $aCorpus Scriptorum Christianorum Orientalium. Scriptores Coptici ;$v57 490 1 $aCorpus Scriptorum Christianorum Orientalium ;$v710 504 $aBibliographie, p. [IX]-XVIII 546 $aTesto in copto e traduzione inglese 600 04$aGiorgio .$0(OLS)http://semarc/subject/16742 650 04$aAgiografia cristiana.$0(OLS)http://semarc/subject/47722 650 4$aManoscritti copti.$0(OLS)http://semarc/subject/46944 700 1 $aMiroshnikov, Ivan,$d<1986- >.$0(OLS)http://semarc/name/120558 700 1 $aIacono, Francesca,$d<1983- >.$0(OLS)http://semarc/name/120560 700 1 $aMarjanen, Antti,$d<1952- >.$0(OLS)http://semarc/name/120559 830 0$aCorpus Scriptorum Christianorum Orientalium ;$v710.$0(OLS)http://semarc/title/77 830 0$aCorpus Scriptorum Christianorum Orientalium. Scriptores Coptici ;$v57.$0(OLS)http://semarc/title/17571 850 $aSeMil 852 $aSeMil$W1$xVenegono$y1$m2TA A 710$j251127$B251090$CSeMilBibl$Z2$F251090 $81 996 $6020$a978-90-429-5282-9$9(OLS)http://semarc/number/301370 996 $6245$aThe Coptic versions of the Martyrdom of Saint George :$ba study of the Coptic transmission of the George legend, with an edition of eight fragmentary manuscrits in Sahidic, Bohairic, and Fayyumic$9(OLS)http://semarc/title/450497 996 $6264$aLovanii :$bIn aedibus Peeters$9(OLS)http://semarc/publisher/30114 LEADER 01496nam a2200277 i 4500 001 000000073486 003 CaOOAMICUS 005 20000531000000.0 008 000531s1999 xxk u000 u eng u 013 $a44658 020 $a0-225-66881-5 040 $aSeMil$bita 245 14$aThe Canon Law :$bLetter & Spirit. A practical guide to the Code of Canon Law /$cprepared by the Canon Law Society of Great Britain and Ireland ; in association with the Canadian Canon Law Society ; Editorial Board : Rt Rev. Mgr Gerhard Sheehy ... [et al.] ; Consultant Editor : Rev. Francis G. Morrisey. 260 $aLondon :$bGeoffrey Chapman,$c1999. 300 $aXXV, 1060 p. ;$c25 cm. 650 4$aCodex iuris canonici <1983> - Commentari e studi.$0(OLS)http://semarc/subject/328 700 1 $aCanon Law Society of Great Britain and Ireland.$0(OLS)http://semarc/name/36339 700 1 $aSheehy, Gerhard.$0(OLS)http://semarc/name/36341 700 1 $aCanadian Canon Law Society.$0(OLS)http://semarc/name/36340 700 1 $aMorrisey, Francis G.,$c.$0(OLS)http://semarc/name/36342 850 $aSeMil 852 $aSeMil$W1$xVenegono$y1$m2H III 178$j39638$B39638$CSeMilBibl$Z2$F39642 $81 961 $aAcquisto: Herder 996 $6020$a0-225-66881-5$9(OLS)http://semarc/number/52975 996 $6245$aThe Canon Law :$bLetter & Spirit. A practical guide to the Code of Canon Law$9(OLS)http://semarc/title/118673 996 $6260$aLondon :$bGeoffrey Chapman$9(OLS)http://semarc/publisher/31372